Soulcity: (Record no. 201125)

MARC details
000 -LEADER
fixed length control field 00492nam a22001937a 4500
005 - DATE AND TIME OF LATEST TRANSACTION
control field 20250102122104.0
010 ## - LCCN (DPL NO)
LC control number ENG-139458
020 ## - INTERNATIONAL STANDARD BOOK NUMBER
Terms of availability 450.00
International Standard Book Number 978190145749
035 ## - SYSTEM CONTROL NUMBER
System control number EN-122990
037 ## - SOURCE OF ACQUISITION
Source of stock number/acquisition DBAD/PUB
082 ## - DEWEY DECIMAL CLASSIFICATION NUMBER
Classification number S
100 ## - MAIN ENTRY--PERSONAL NAME
Personal name Roychoudhary Preeti
245 ## - TITLE STATEMENT
Title Soulcity:
Remainder of title Inside-Stories From Calcutta/
260 ## - PUBLICATION, DISTRIBUTION, ETC. (IMPRINT)
Place of publication, distribution, etc Calcutta
Name of publisher, distributor, etc Calcutta Art Studio
270 ## - ADDRESS
City Kolkata
300 ## - PHYSICAL DESCRIPTION
Extent 64p.
Dimensions 24cm(pbk)
710 ## - ADDED ENTRY--CORPORATE NAME
Relator term Editor
9 (RLIN) 59600
942 ## - ADDED ENTRY ELEMENTS (KOHA)
Source of classification or shelving scheme Dewey Decimal Classification
Item type English Books
Classification part S
Call number suffix Roy
Edition 2015
Holdings
Withdrawn status Lost status Not for loan Collection code Home library Current library Date acquired Source of acquisition Cost, normal purchase price Full call number Barcode Copy number Cost, replacement price Koha item type
      Fiction Sarojini Nagar Sarojini Nagar 29/02/2024 DBAD/PUB 450.00 S ROY EN-122990 1 450.00 English Books

© Delhi Public Library
Hit Counter
free hit counter